| 000 | nam a22 7a 4500 | ||
|---|---|---|---|
| 999 |
_c150560 _d150558 |
||
| 005 | 20190822091944.0 | ||
| 008 | 190822b xxu||||| |||| 00| 0 eng d | ||
| 020 | _a9687772247 | ||
| 050 | 0 | 4 |
_aJS2110 _bD47 2001 |
| 245 | 0 | 0 |
_aDerecho municipal _b: una visión al artículo 115 constitucional _c/ compiladores Roberto Álvarez Ramírez, Juan Antonio García Martínez. |
| 250 | _a1a ed. | ||
| 260 |
_aMéxico : _bLVI Legislatura del H. Congreso del Estado Libre y Soberano de Guerrero, _c2001. |
||
| 300 |
_a247 p. ; _c22 cm. |
||
| 490 | 0 |
_aColección Compila ; _v7. |
|
| 650 | 7 |
_2lemb _aGobierno municipal _zMéxico |
|
| 650 | 7 |
_2lemb _aAdministración municipal _zMéxico |
|
| 650 | 7 |
_2lemb _aDerecho municipal _zMéxico |
|
| 651 | 4 |
_aMéxico _xReformas constitucionales |
|
| 651 | 4 |
_aMéxico _xPartidos políticos |
|
| 700 | 1 |
_aÁlvarez Ramírez, Roberto, _ecompilador |
|
| 700 | 1 |
_aGarcía Martínez, Juan Antonio, _ecompilador |
|
| 942 |
_2lcc _cLIB |
||